|
|
|
|
| LEADER |
00000cam a2200000 i 4500 |
| 001 |
1/85099 |
| 008 |
050909s1970 gr | ||| |||| ||gre|| |
| 035 |
|
|
|l 10080191
|
| 040 |
|
|
|a GR-MY-UA
|b gre
|e aacr
|
| 041 |
0 |
|
|a gre
|
| 082 |
7 |
|
|a 241.0419
|2 (22)
|
| 100 |
1 |
|
|a Δημητρόπουλος, Παναγιώτης Χ.
|
| 245 |
1 |
0 |
|a Ορθόδοξος χριστιανική ηθική /
|c Παναγιώτου Χ. Δημητρόπουλου.
|
| 260 |
|
|
|a Εν Αθήναις :
|b [χ.ό.],
|c 1970.
|
| 300 |
|
|
|a 516 σ. ;
|c 25 εκ.
|
| 504 |
|
|
|a Περιέχει βιβλιογραφικές παραπομπές.
|
| 650 |
0 |
0 |
|a Christian ethics
|x Orthodox Eastern authors.
|
| 852 |
|
|
|a INST
|b RHODES
|c KRI
|e 20050909
|h 241.0419 ΔΗΜ
|p 005400022617
|q 005400022617
|t BK
|y 0
|
| 901 |
|
|
|a BIBL4-2005-3
|
| 909 |
|
|
|a Ρ
|b 122238
|
| 970 |
|
|
|a ΣΙΔΕΡΗ
|b ΝΕΚΤΑΡΙΑ
|z 2005/09/09
|